000 00304nam a2200133Ia 4500
100 _aWartikar/J.N.& P.N.
490 _vIV
942 _cBK
654 _aengineering
245 _aEngineering Mathematics IV
260 _bPune vidyarthi griha
_aPune
_c1997
082 _a519
_bWAR/WAR
546 _aENGLISH
999 _c28387
_d28387